|
|
|
|
| LEADER |
01058nab a2200241 i 4500 |
| 001 |
misc61327 |
| 005 |
20231013141410.0 |
| 008 |
230808s1971 hu o 0|| ger d |
| 040 |
|
|
|a SZTE Miscellanea Repozitórium
|b hun
|
| 041 |
|
|
|a ger
|
| 100 |
1 |
|
|a Spuler Bertold
|
| 245 |
1 |
0 |
|a Claude Cahen, Pre-Ottoman Turkey
|h [elektronikus dokumentum] :
|b a general survey of the material and spiritual culture and history c. 1071-1330. Translated from the Frenchy J. Jones-Williams.London, Sidgwick and Jackson, 1968 : Buchbesprechung /
|c Spuler Bertold
|
| 260 |
|
|
|a De Gruyter
|b Berlin
|c 1971
|
| 300 |
|
|
|a 347-348
|c 24 cm
|
| 300 |
|
|
|a [2] p.
|c 24 cm
|
| 490 |
0 |
|
|a Der Islam : Zeitschrift für Geschichte und Kultur des islamischen Orients
|
| 561 |
|
|
|a Németh Gyula hagyaték
|
| 591 |
|
|
|a NOV 5754
|
| 650 |
|
4 |
|a Bölcsészettudományok
|
| 650 |
|
4 |
|a Történettudomány és régészet
|
| 695 |
|
|
|a Törökország története - 11-14. sz. - könyvismertetés
|
| 700 |
0 |
1 |
|a Cahen Claude
|
| 856 |
4 |
0 |
|u http://misc.bibl.u-szeged.hu/61327/1/5754_nov_05.pdf
|z Dokumentum-elérés
|